Luật hành chính : Tài liệu hướng dẫn học tập

Trình bày khái quát chung về luật hành chính, các nguyên tắc cơ bản trong quản lý hành chính nhà nước, quy phạm pháp luật và quan hệ pháp luật hành chính,...

Guardat en:
Dades bibliogràfiques
Autor principal: Phan, Trung Hiền
Format: Llibre
Idioma:Undetermined
Publicat: Cần Thơ Nxb. Đại học Cần Thơ 2012
Matèries:
Etiquetes: Afegir etiqueta
Sense etiquetes, Sigues el primer a etiquetar aquest registre!
Thư viện lưu trữ: Trung tâm Học liệu Trường Đại học Cần Thơ
LEADER 00868nam a2200205Ia 4500
001 CTU_229885
008 210402s9999 xx 000 0 und d
082 |a 342.597 
082 |b H305/P.1 
100 |a Phan, Trung Hiền 
245 0 |a Luật hành chính : 
245 0 |b Tài liệu hướng dẫn học tập 
245 0 |c Phan Trung Hiền (Biên soạn) 
260 |a Cần Thơ 
260 |b Nxb. Đại học Cần Thơ 
260 |c 2012 
520 |a Trình bày khái quát chung về luật hành chính, các nguyên tắc cơ bản trong quản lý hành chính nhà nước, quy phạm pháp luật và quan hệ pháp luật hành chính,... 
650 |a Nhà nước, hiến pháp,Constitutions, state 
910 |b nthai 
980 |a Trung tâm Học liệu Trường Đại học Cần Thơ